00776cam a22002291 4500001001300000003000400013005001700017008004100034010001700075035002000092040001700112042001200129050001900141100003600160245006600196260005100262300002100313501013500334650002500469752003500494999001700529he 68000406 DLC20260227111453.0840306s1903 pl 000 0 heb  ahe 68000406  a(OCoLC)19163796 aDLCcMHdDLC apremarc00aBM522.63b.I791 aMeisels, David Dob,d1814-1876.10aSheʼelot u-teshuvot ha-Radad :bḥeleḳ Even ha-ʻezer ... aPiotrków :bDefus M. Tsederboym,c663, 1903. a140 p. ;c35 cm. aWith ths is bound: Maĭzlish, Ẓebi Aryeh Judah Jacob: Sheʼelot u-teshuvot Ḥedṿat Yaʻaḳov, Pitroków Trybunalski, 1903. 0aResponsay1800-1948. aPolanddPiotrków Trybunalski c32910d32910